Clean Neighbourhoods and Environment Act 2005 (Record no. 104353)

MARC details
000 -LEADER
fixed length control field 01297cam a2200205 4500
001 - CONTROL NUMBER
control field L130103
008 - FIXED-LENGTH DATA ELEMENTS--GENERAL INFORMATION
fixed length control field 050621n2005 000 0 eng u
035 ## - SYSTEM CONTROL NUMBER
System control number (Sirsi) u130103
041 ## - LANGUAGE CODE
Language code of text/sound track or separate title eng
110 ## - MAIN ENTRY--CORPORATE NAME
Corporate name or jurisdiction name as entry element Department for Environment, Food and Rural Affairs
9 (RLIN) 4094
245 ## - TITLE STATEMENT
Title Clean Neighbourhoods and Environment Act 2005
Remainder of title interim guidance for measures commenced on 7 June 2005
260 ## - PUBLICATION, DISTRIBUTION, ETC.
Place of publication, distribution, etc. London
Name of publisher, distributor, etc. DEFRA
Date of publication, distribution, etc. 2005
520 ## - SUMMARY, ETC.
Summary, etc. Provides interim guidance on the measures contained in the Act that commenced on 7 June 2005 and relate to nuisance parking offences; litter; graffiti and other defacement; the transport of waste; site waste; noise; and pollution. Sets out the aim of the measures and offers a commentary on each relevant section of the Act. Where applicable it also presents related legislation that could be used to cover similar issues. The guidance is primarily of use to enforcement authorities.
520 ## - SUMMARY, ETC.
Summary, etc. Item not found when searched for on DEFRA website 12/9/2011.
590 ## - LOCAL NOTE (RLIN)
Local note IKA040705
650 ## - SUBJECT ADDED ENTRY--TOPICAL TERM
Topical term or geographic name entry element CLEAN NEIGHBOURHOODS AND ENVIRONMENT ACT 2005
690 ## - LOCAL SUBJECT ADDED ENTRY--TOPICAL TERM (OCLC, RLIN)
Topical term or geographic name as entry element ENVIRONMENTAL AND LAND CONSULTANCY-ENVIRONMENTAL MANAGEMENT
856 ## - ELECTRONIC LOCATION AND ACCESS
Uniform Resource Identifier <a href="https://www.defra.gov.uk/environment/localenv/leqbill/">https://www.defra.gov.uk/environment/localenv/leqbill/</a>
Public note View the guidance free of charge at www.defra.gov.uk...
942 ## - ADDED ENTRY ELEMENTS (KOHA)
Suppress in OPAC 0
Holdings
Withdrawn status Lost status Source of classification or shelving scheme Damaged status Not for loan Home library Current library Shelving location Date acquired Total Checkouts Full call number Barcode Date last seen Copy number Price effective from Koha item type
    Dewey Decimal Classification     Virtual Virtual Online 22/06/2005   ONLINE PUBLICATION 130103-2001 06/08/2019 1 06/08/2019 Book